Central Library OPAC University of Rajshahi

Colonel Sun / (Record no. 64882)

MARC details
000 -LEADER
fixed length control field 00782nam a2200253 a 4500
001 - CONTROL NUMBER
control field 64882
003 - CONTROL NUMBER IDENTIFIER
rucl marc code BD-RjUL
005 - DATE AND TIME OF LATEST TRANSACTION
control field 20211209081350.0
008 - FIXED-LENGTH DATA ELEMENTS--GENERAL INFORMATION
fixed length control field 170223r19701968enk 000 1 eng d
020 ## - INTERNATIONAL STANDARD BOOK NUMBER
International Standard Book Number 0330023047
035 ## - SYSTEM CONTROL NUMBER
System control number (BD-RjUL)65012
040 ## - CATALOGING SOURCE
Original cataloging agency BD-RjUL
Language of cataloging eng
Transcribing agency BD-RjUL
041 ## - LANGUAGE CODE
Language code of text/sound track or separate title eng
082 ## - DEWEY DECIMAL CLASSIFICATION NUMBER
Edition number 23
Classification number 823.914
Author mark and year MAC 1970
100 1# - MAIN ENTRY--PERSONAL NAME
Personal name Markham, Robert.
9 (RLIN) 192330
245 10 - TITLE STATEMENT
Title Colonel Sun /
Statement of responsibility, etc. Robert Markham.
260 ## - PUBLICATION, DISTRIBUTION, ETC. (IMPRINT)
Place of publication, distribution, etc. London :
Name of publisher, distributor, etc. Pan Books Ltd.,
Date of publication, distribution, etc. 1968 [printing 1970]
300 ## - PHYSICAL DESCRIPTION
Pagination 221 p. ;
Size 15 cm.
500 ## - GENERAL NOTE
General note First published: London : Hamlyn, 1968
600 ## - SUBJECT ADDED ENTRY--PERSONAL NAME
Personal name Bond, James
General subdivision (Fictitious character)
-- Fiction.
650 ## - SUBJECT ADDED ENTRY--TOPICAL TERM
Topical term or geographic name as entry element Intelligence service
Geographic subdivision Great Britain
General subdivision Fiction.
9 (RLIN) 192332
Topical term or geographic name as entry element Audiobooks.
9 (RLIN) 192333
942 ## - ADDED ENTRY ELEMENTS (KOHA)
Source of classification or shelving scheme Dewey Decimal Classification
Koha item type Books
Holdings
Lost status Source of classification or shelving scheme Damaged status Not for loan Collection code Permanent Location Current Location Shelving location Date acquired Source of acquisition Total Checkouts Full call number Date last seen Copy number Koha item type
  Dewey Decimal Classification   Not For Loan Fiction Central Library, University of Rajshahi Central Library, University of Rajshahi Reading Room 26/04/1978 British Council, Rajshahi.   823.914 MAC 1970 23/02/2017 C-1 Books